000 00185 a2200097 4500
020 _a9788430511853
041 _aspa
100 _asusaeta
245 _aCartilla de pinocho
942 _cBK
999 _c15071
_d15071